000 00615nam a2200193Ia 4500
005 20250508162042.0
008 008 250505s9999 xx 000 0 eng d
037 _aTextual
040 _aFEDL
_beng
_cFEDL
041 _aeng
_2eng
084 _a371.7, DAL
_qFEDL
100 _aDalzell-Ward A
_9772162
245 0 _aText book of health education for students in colleges of education, teachers and health educators
260 _aLondon, UK
_bTavistock Publications Limited
_c1975
300 _axiv, 328 p.
650 _aHealth education
942 _cTEXL
_h371.7, DAL
999 _c1374085
_d1374085